| 000 | 00477nam a2200181 a 4500 | ||
|---|---|---|---|
| 001 | 6825 | ||
| 003 | CO-ViMGA | ||
| 008 | 141112s2004 ck r 000 u spa d | ||
| 020 | _a9589272339 | ||
| 040 |
_aCO-ViMGA _bspa _cCO-ViMGA |
||
| 082 | 0 | 4 | _a331.88 G624 |
| 100 | 1 |
_aGodio, Julio _96248 |
|
| 245 | 1 | 0 | _aLos sindicatos en las Economías de mercado en América Latina |
| 260 |
_aBogotá : _bFescol, _c1993 |
||
| 300 | _a176 p | ||
| 650 | 1 | 4 |
_aSINDICATOS _96249 |
| 942 |
_2ddc _cBK |
||
| 999 |
_c18794 _d18794 |
||